00719nam a2200229 a 4500001001000000003000500010005001700015008004100032010001100073011001100084020001800095040000900113082001600122245010200138246002900240260005800269300001700327650004700344650004600391700002000437700003200457000107962CHAP20220329143951.0131123s2011 enka |r| ||||||eng d a104424 a105396 a9780199571048 cCHAP04a330.98bO9804aThe Oxford handbook of Latin American economics /ceditado por José Antonio Ocampo y Jaime Ros.30aLatin American economics aOxford ;aNew York :bOxford University Press,c2011. axxvi, 932 p.14aAmérica LatinaxCondiciones económicas14aAmérica LatinaxPolítica económica.0 aRos, Jaimeeed.1 aOcampo, José Antonioeed.